000 00523nam a22001817a 4500
003 OSt
005 20260206004201.0
008 260206b |||||||| |||| 00| 0 eng d
020 _a978-971-506-476-7
040 _aDWCL-Main Lib
_cOC
082 _aRes. 899.211 B183 2005
100 _aBalde, Abadon M. JR.
245 _aAwit ni kadunung
260 _aManila :
_bUST Publshing House,
_cc2008
300 _axxviii,
_b 624 p. ;
_c22 cm.
650 _aNovel, Philippine fiction ( Filipino )
942 _2ddc
_cBK-0 CIRC
_mRes.
_n0
999 _c8302
_d8302